Suomalais-ugrilaiset kielet - Äkkikuolema - Statistics

Yleistilastot
  • Tätä visaa on pelattu 160 kertaa
  • Keskiarvotulos 11 / 19
Answers on the Grid
Answers color-coded by a green-red scale on the quiz's grid according to % correct below.
amhara
baškiiri
ersä
georgia
hanti
hausa
ido
igbo
inarinsaame
inguuši
inkeroinen
karakalpakki
karjala
kazakki
koltansaame
komi
kveeni
kymri
latvia
liivi
liettua
malagassi
manksi
mansi
marathi
mari
mingreli
mokša
pohjoissaame
tšetšeeni
turkki
turkmeeni
udmurtti
uiguuri
unkari
vatja
vepsä
viro
võro
wolofi
 
Vastaustilastot
Vastaus % Oikein
karjala
80%
inarinsaame
79%
viro
77%
unkari
74%
pohjoissaame
70%
vepsä
70%
koltansaame
67%
komi
67%
mari
67%
inkeroinen
66%
udmurtti
62%
liivi
56%
hanti
54%
kveeni
48%
mansi
46%
mokša
46%
vatja
44%
ersä
39%
võro
34%
Ehtoja vastaavia visoja ei löytynyt
Tulosjakauma
Jokaisen tuloksen saaneiden osuus
Persentiili vastausten määrän mukaan
Tuloshistoriasi
Et ole pelannut tätä visaa